Le Grand Paris : 25 questions décisives (notice n° 1566733)
[ vue normale ]
| 000 -LEADER | |
|---|---|
| fixed length control field | 00791cam a2200133 4500500 |
| 005 - DATE AND TIME OF LATEST TRANSACTION | |
| control field | 20251214002044.0 |
| 041 ## - LANGUAGE CODE | |
| Language code of text/sound track or separate title | fre |
| 042 ## - AUTHENTICATION CODE | |
| Authentication code | dc |
| 100 10 - MAIN ENTRY--PERSONAL NAME | |
| Personal name | Subra, Philippe |
| Relator term | author |
| 245 00 - TITLE STATEMENT | |
| Title | Le Grand Paris : 25 questions décisives |
| 260 ## - PUBLICATION, DISTRIBUTION, ETC. | |
| Name of publisher, distributor, etc. | Armand Colin,<br/> |
| Date of publication, distribution, etc. | 2009.<br/> |
| 520 ## - SUMMARY, ETC. | |
| Summary, etc. | À l’heure où se profilent les élections régionales, le projet du Grand Paris lancé par Nicolas Sarkozy fait l’objet de nombreuses interrogations. Pour en démêler les enjeux sociaux, économiques et politiques, cet ouvrage répond aux questions essentielles que chacun se pose nécessairement. L’avenir du Grand Paris est encore à construire et le citoyen doit en être l’acteur. |
| 856 41 - ELECTRONIC LOCATION AND ACCESS | |
| Uniform Resource Identifier | <a href="https://shs.cairn.info/le-grand-paris--9782200242947?lang=fr&redirect-ssocas=7080">https://shs.cairn.info/le-grand-paris--9782200242947?lang=fr&redirect-ssocas=7080</a> |
Pas d'exemplaire disponible.




Réseaux sociaux